Pensées (Record no. 182388)

MARC details
000 -LEADER
campo de control de longitud fija 00712nam a2200205 i 4500
001 - NÚMERO DE CONTROL
campo de control 182388
003 - IDENTIFICADOR DE NÚMERO DE CONTROL
campo de control ES-MaACL
005 - FECHA Y HORA DE LA ÚLTIMA TRANSACCIÓN
campo de control 20250716063338.0
008 - DATOS DE LONGITUD FIJA--INFORMACIÓN GENERAL
campo de control de longitud fija 130807s1921 fr |||| | fre d
100 1# - ENTRADA PRINCIPAL--NOMBRE DE PERSONA
Nombre de persona Pascal, Blaise,
Fechas asociadas al nombre 1623-1662
9 (RLIN) 89307
245 10 - MENCIÓN DEL TÍTULO
Título Pensées
Resto del título : extraits /
Mención de responsabilidad, etc. Pascal ; notice et notes par J. Calvet.
250 ## - MENCION DE EDICION
Mención de edición Nouvelle édit.
260 ## - PUBLICACIÓN, DISTRIBUCIÓN, ETC.
Lugar de publicación, distribución, etc. Paris :
Nombre del editor, distribuidor, etc. Librairie Hatier,
Fecha de publicación, distribución, etc. [1921]
300 ## - DESCRIPCIÓN FÍSICA
Extensión 93 p. ;
Dimensiones 18 cm.
490 1# - MENCIÓN DE SERIE
Mención de serie Les classiques pour tous ;
Designación de volumen o secuencia 119
700 0# - ENTRADA AGREGADA--NOMBRE PERSONAL
Nombre de persona Calvet, J.
9 (RLIN) 33810
830 0# - PUNTO DE ACCESO ADICIONAL DE SERIE-TÍTULO UNIFORME
Título uniforme Les classiques pour tous ;
Designación de volumen o secuencia 119
9 (RLIN) 189070
852 ## - LOCALIZACIÓN
Ubicación ES-MaACL
Número de control de estantería 2321-F-13
Nota libre .- Donat. herederos de la bibl. de Mª del Pilar Costa Palacín
Holdings
Estatus retirado Estado de pérdida Estado de daño No para préstamo Colección Biblioteca de origen Biblioteca actual Ubicación en estantería Fecha de adquisición Fuente de adquisición Total de préstamos Signatura topográfica completa Código de barras Visto por última vez Precio de reemplazo Tipo de ítem Koha
        Colección de folletos Biblioteca del Ateneo de Madrid Biblioteca del Ateneo de Madrid Depósito folletos 07/08/2013     2321-F-13 1191666 23/02/2023 23/02/2023 Folleto